| 000 | 00752cab a2200193 4500 | ||
|---|---|---|---|
| 001 | ##L134338 | ||
| 008 | 060727n2006 000 0 eng u | ||
| 035 | _a(Sirsi) u134338 | ||
| 041 | 0 | _aeng | |
| 100 | 1 | _aHansford, Mark | |
| 245 | 0 | 0 | _aContractors' earnings hit £12bn as market soars |
| 260 | _c2006 | ||
| 490 | 0 |
_aNew Civil Engineer _v20 July 2006, 6(1) |
|
| 520 | _aTurnover in the civil engineering market rose by £2bn in 2005 compared with 2004. Margins remained low, however, with the top 20 firms averaging only 3.1% in 2005. Balfour Beatty remains the largest contractor, with a turnover of £1.5bn. Bar chart. | ||
| 590 | _aIKA010806 | ||
| 651 | 4 |
_aUnited Kingdom _y |
|
| 690 | _aBUILT ENVIRONMENT-CONSTRUCTION MARKET | ||
| 942 | _n0 | ||
| 999 |
_c77464 _d77464 |
||